Music Trivia: 1970 songs and artists - Statistics

General Stats
  • This quiz has been taken 432 times
    380 since last reset
  • The average score is 10 of 15
Answer Stats
This is the 1970 song... Who is the artist (or group) ? % Correct
Your Song Elton John
94%
Cecilia Simon and Garfunkel
79%
Cracklin' Rosie Neil Diamond
75%
The Long and Winding Road The Beatles
75%
Signed, Sealed, Delivered I'm Yours Stevie Wonder
73%
Maybe I'm Amazed Paul McCartney
67%
I Think I Love You The Partridge Family
63%
Who'll Stop the Rain Creedence Clearwater Revival
62%
Make It With You Bread
61%
Spirit in the Sky Norman Greenbaum
61%
I'll Be There Jackson 5
57%
Ain't No Mountain High Enough Diana Ross
56%
Mama Told Me (Not to Come) Three Dog Night or Randy Newman
55%
Raindrops Keep Fallin' on My Head B.J. Thomas
52%
The Wonder of You Elvis Presley
40%
No matching quizzes found
Score Distribution
Percent of People with Each Score
Percentile by Number Answered
Your Score History
You have not taken this quiz since the last reset